Información y sociedad actual : VI Semana Internacional de Estudios Sociales VI Semana Internacional de Estudios Sociales
Publicado:
Barcelona :
Diputación Provincial de Barcelona. Instituto de Ciencias Sociales. Sección de Prensa, Información y Ediciones ,
1970
Descripción Física:
263 p. ; 24 cm
Colección:
Colección de Ciencias Sociales ; 12
MARC
| LEADER | 00000nam a2200000Ia 4500 | ||
|---|---|---|---|
| 001 | |||
| 008 | 160829s1970 xx 000 0 cat d | ||
| 080 | |a C-1-273 | ||
| 100 | |a Semana Internacional de Estudios Sociales (6a : 1969 : Barcelona) |9 31407 | ||
| 245 | |a Información y sociedad actual : |b VI Semana Internacional de Estudios Sociales | ||
| 260 | |a Barcelona : |b Diputación Provincial de Barcelona. Instituto de Ciencias Sociales. Sección de Prensa, Información y Ediciones, |c 1970 | ||
| 300 | |a 263 p. ; |c 24 cm | ||
| 490 | |a Colección de Ciencias Sociales ; 12 | ||
| 650 | |a Informació, Teoria de la |x Aspectes socials |x Congressos |9 31408 | ||
| 650 | |a Sociologia |x Congressos |9 31409 | ||
| 710 | 2 | |a Instituto de Ciencias Sociales (Barcelona, Catalunya) |9 54508 | |
| 901 | |a Arxiu | ||
| 942 | |n 1 | ||
| 952 | |0 0 |1 0 |4 0 |6 C1273 |7 1 |9 45599 |a Arxiu |b Arxiu |d 2016-12-01 |l 0 |o C-1-273 |r 2016-12-01 00:00:00 |w 2016-12-01 |y ARXIU | ||
| 999 | |c 49069 |d 49069 | ||